000 00641cam a2200229 4500500
005 20260405002811.0
041 _afre
042 _adc
100 1 0 _aBarton, Adrien
_eauthor
245 0 0 _aD’utilité publique
260 _c2018.
500 _a44
690 _aAdrien Barton
690 _aChoix
690 _aConséquentialisme
690 _aDilemme
690 _aPeter Singer
690 _atest
690 _aUtilitarisme
786 0 _nPhilosophie magazine | 123 | 10 | 2018-10-01 | p. 67-67 | 1951-1787
856 4 1 _uhttps://shs.cairn.info/magazine-philosophie-magazine-2018-10-page-67?lang=fr&redirect-ssocas=7080
999 _c2061246
_d2061245